00499 2200181 4500001002100000005001500021035002000036245005600056100002400112300001700136700002400153260005000177082000800227084001400235020001800249600002400267990002600291INLIS00000000000071520251118101749 a0010-11250002941 aDasar-Dasar Komputasi Cerdas /cLanny W. Pandjaitan0 aLanny W. Pandjaitan a182 ;c23 cm0 aLanny W. Pandjaitan aYogyakarta :bPenerbit ANDI Yogyakarta,c2007 a004 a004 LAN d a979-763-604-6 4aLanny W. Pandjaitan a2018/SMKMIRI/2155/007